000 00204nam a2200109Ia 4500
100 _aKEN COATES
942 _cBK
245 _aPANTHER MODERN SOCIETY
260 _b#N/A
546 _aENGLISH
999 _c29954
_d29954